00953nam a2200217 a 4500008004100000020001500041050001600056100002000072245008200092260002400174300002200198350000900220500006600229650004700295650004200342650006700384710005500451995008800506999001700594952012400611120416s1993 ||||||||||||||||| || u a0889367086 aZ 674.4 Mea aMenou, Michel J10aMeasuring the impact of information on developmentcedited by Michel J. Menou aOttawa:bIDRCc1993 axiii, 188p. : ill a0.00 aIncludes bibliographical references (p. [163]-181) and index. aINFORMATION SERVICES--DEVELOPING COUNTRIES 0aDEVELOPING COUNTRIES--ECONOMIC POLICY aINFORMATION TECHNOLOGY--ECONOMIC ASPECTS--DEVELOPING COUNTRIES aInternational Development Research Centre (Canada) D0.00FCBU-MAIN LIBRARY (Kitwe)H1I25.00M1UAVAILABLEZAnnex Low-Usage Collection  c50873d50873 00102lcc4070a001b001cAnnex Low-Usage Collection d2022-11-30l0oZ 674.4 Meap016237r2022-11-30w2022-11-30y002